000 01011nam a2200289 a 4500
001 BRCA_5105
005 20190320204936.0
008 181110s1905----fr-aa#####---#000-0#fre-#
041 _afre
044 _afr
050 4 _aND620
_b.L33 1905
100 1 _aLafenestre, Georges
_913016
245 1 0 _aRome
_bles musées, les collections particuliéres, les palais
_cpar Georges Lafenestre et Eugène Richtenberger.
260 _aParís
_bLibrairies-Imprimeries Réunies
_c1905
300 _axvi, 404 p.
_bil., 100 láminas
_c19 cm.
440 0 _aLe peinture en Europe
_913017
500 _aIncluye índice de abreviaturas e índice alfabético de pintores
500 _aEstado físico: encuadernación deteriorada y primeras hojas sueltas
500 _aE6
504 _aBibliografía: p. [xiii]-xvi
650 1 4 _aPintura
_zRoma
_913018
650 1 4 _aArte
_zRoma
_913019
650 1 4 _aGalerías y museos
_zItalia
_97703
700 1 _aRichtenberger, Eugène
_eCoautor
_913020
902 _aGFM
942 _2lcc
_cB
999 _c4799
_d4799